| 000 | 00000nas##2200000za#4500 |
| 001 | 9.507385 |
| 003 | CaOODSP |
| 005 | 20200813121816 |
| 007 | cr ||||||||||| |
| 008 | 150406c1997||||xxc|| m o||||f| |0eng|d |
| 040 | |aCaOODSP|beng |
| 043 | |an-cn--- |
| 086 | 1 |aCS96-321E-PDF |
| 245 | 00|a1991 Census monograph series / |h[electronic resource]|cCo-published with ITP Nelson. |
| 260 | |aOttawa - Ontario : |bStatistics Canada |c1997. |
| 310 | |aIrregular |
| 362 | 1 |aNo. 1, 1997 - no. 4, 1999. |
| 500 | |aHistorical census publication digitized by Statistics Canada. |
| 690 | 07|aCensus data|2gcpds |
| 710 | 2 |aStatistics Canada. |
| 775 | 08|tSérie des monographies du recensement / |w(CaOODSP)9.503775 |
| 776 | 0#|t1991 Census monograph series / |w(CaOODSP)9.514479 |